skbl

Dr Suryya Kumar Bhuyan Library Web-OPAC
ডঃ সূৰ্য্য
কুমাৰ ভূঞা পুথিভঁৰাল ৱেব-অ'পেক

All Research Scholars are advised to clear the annual library fees to continue using Library Resources, Remote Access, Plagiarism Test and Library Clearance.

Cotton University Book Fair 2026

Economic Development of North East India (Record no. 33211)

MARC details
000 -LEADER
fixed length control field 00663nam a2200217Ia 4500
001 - CONTROL NUMBER
control field 33229
008 - FIXED-LENGTH DATA ELEMENTS--GENERAL INFORMATION
fixed length control field 140506s1986 ii a g b000 u 465 u
020 ## - INTERNATIONAL STANDARD BOOK NUMBER
International Standard Book Number 978-81-9108-255-5
082 ## - DEWEY DECIMAL CLASSIFICATION NUMBER
Classification number 339.5454
100 ## - MAIN ENTRY--PERSONAL NAME
Personal name Adhyapok,
Relator term Pradip Kumar .
245 #0 - TITLE STATEMENT
Title Economic Development of North East India
Statement of responsibility, etc. ,Hemanta Saikia
Medium Textual Documents
250 ## - EDITION STATEMENT
Edition statement Ist ed-2011 /
260 ## - PUBLICATION, DISTRIBUTION, ETC.
Place of publication, distribution, etc. New Delhi:
Name of publisher, distributor, etc. SSDN Publishers & Distributors,
Date of publication, distribution, etc. 1986.
300 ## - PHYSICAL DESCRIPTION
Extent 236p:
Dimensions 23cm.
653 ## - INDEX TERM--UNCONTROLLED
Uncontrolled term Economic Development(North East India)
653 ## - INDEX TERM--UNCONTROLLED
Uncontrolled term Economic Development-Nort-East India
653 ## - INDEX TERM--UNCONTROLLED
Uncontrolled term G-Sociology
653 ## - INDEX TERM--UNCONTROLLED
Uncontrolled term G-Eco
700 ## - ADDED ENTRY--PERSONAL NAME
Personal name Saikia,
Relator term Hemanta.,
942 ## - ADDED ENTRY ELEMENTS (KOHA)
Source of classification or shelving scheme Dewey Decimal Classification
Koha item type Books
Holdings
Withdrawn status Lost status Damaged status Not for loan Home library Current library Date acquired Coded location qualifier Cost, normal purchase price Total checkouts Full call number Barcode Date last seen Copy number Price effective from Koha item type
        Dr. Suryya Kumar Bhuyan Library Dr. Suryya Kumar Bhuyan Library 01/02/2012 00000 995.00   339.5454 Sa74Ec 82635 14/01/2024 1 01/02/2012 Books

Designed and Maintained by Team SKBL
©1901-2026

Powered by Koha